000 00318nam a22001457a 4500
008 210312b ||||| |||| 00| 0 eng d
020 _a9780205832576
041 _aeng
080 _23th
_a159.9
082 _23th
_a159.9
100 _a49
101 _aPSI
245 _aPsychology
_cCiccarelli,K.S
942 _2udc
_cBK
999 _c56471
_d56471